Multiple Choice City Quiz – Cairo - Statistics

General Stats
  • This quiz has been taken 16,064 times
  • The average score is 5 of 10
Answer Stats
Question Answer % Correct
On what river is Cairo located? Nile
98%
Starting in Cairo, and flying due north, what is the first foreign country you would reach? Turkey
78%
What Christian order has its headquarters in Cairo? Coptic Orthodox Church
74%
Which of these cities is located just across the river from Cairo? Giza
62%
What square was the site of major protests during the "Arab Spring" in 2011? Tahrir Square
54%
Which of these people NEVER visited Cairo? Marco Polo
43%
What former UN Secretary General was born and died in Cairo? Boutros Boutros-Ghali
32%
Which Islamic caliphate was based in Cairo? Fatimid
29%
What is Cairo's nickname? The City of a Thousand Minarets
28%
When was Cairo founded? 969 AD
14%
No matching quizzes found
Score Distribution
Percent of People with Each Score
Percentile by Number Answered
Your Score History
You have not taken this quiz